A textbook of thermal engineering : (Record no. 3588)
[ view plain ]
| 000 -LEADER | |
|---|---|
| fixed length control field | 00854nam a22002777a 4500 |
| 001 - CONTROL NUMBER | |
| control field | 19942 |
| 003 - CONTROL NUMBER IDENTIFIER | |
| control field | BD-DhUAP |
| 005 - DATE AND TIME OF LATEST TRANSACTION | |
| control field | 20200309142049.0 |
| 008 - FIXED-LENGTH DATA ELEMENTS--GENERAL INFORMATION | |
| fixed length control field | 200309r19782015ii a 001 0 eng c |
| 020 ## - INTERNATIONAL STANDARD BOOK NUMBER | |
| International Standard Book Number | 9788121925738 |
| 040 ## - CATALOGING SOURCE | |
| Original cataloging agency | BD-DhAAL |
| Language of cataloging | Eng |
| Transcribing agency | BD-DhUAP |
| Modifying agency | BD-DhUAP |
| 082 ## - DEWEY DECIMAL CLASSIFICATION NUMBER | |
| Edition number | 23 |
| Classification number | 621.402 KHU |
| 100 ## - MAIN ENTRY--PERSONAL NAME | |
| Personal name | Khurmi, R. S. |
| 9 (RLIN) | 28630 |
| 245 ## - TITLE STATEMENT | |
| Title | A textbook of thermal engineering : |
| Remainder of title | S.I. units / |
| Statement of responsibility, etc. | R. S. Khurmi and J. K. Gupta. |
| 250 ## - EDITION STATEMENT | |
| Edition statement | 15th ed. |
| 260 ## - PUBLICATION, DISTRIBUTION, ETC. | |
| Place of publication, distribution, etc. | New Delhi : |
| Name of publisher, distributor, etc. | S. Chand, |
| Date of publication, distribution, etc. | c1978 [Reprinted 2015]. |
| 300 ## - PHYSICAL DESCRIPTION | |
| Extent | 895 pages : |
| Other physical details | illustrations ; |
| Dimensions | 24 cm. |
| 500 ## - GENERAL NOTE | |
| General note | Includes index. |
| 526 ## - STUDY PROGRAM INFORMATION NOTE | |
| Program name | CSE |
| 650 ## - SUBJECT ADDED ENTRY--TOPICAL TERM | |
| Topical term or geographic name entry element | Thermodynamics. |
| 9 (RLIN) | 28631 |
| 650 ## - SUBJECT ADDED ENTRY--TOPICAL TERM | |
| Topical term or geographic name entry element | Heat engineering. |
| 9 (RLIN) | 28632 |
| 700 ## - ADDED ENTRY--PERSONAL NAME | |
| Personal name | Gupta, R. S. |
| 9 (RLIN) | 28633 |
| 942 ## - ADDED ENTRY ELEMENTS (KOHA) | |
| Source of classification or shelving scheme | |
| Koha item type | Book |
| Withdrawn status | Lost status | Source of classification or shelving scheme | Damaged status | Not for loan | Permanent Location | Current Location | Shelving location | Date acquired | Full call number | Barcode | Date last seen | Copy number | Price effective from | Koha item type |
|---|---|---|---|---|---|---|---|---|---|---|---|---|---|---|
| UAP Central Library | UAP Central Library | General Stacks | 2020-03-09 | 621.402 KHU | 3010019942 | 2020-03-09 | 1 | 2020-03-09 | Book | |||||
| UAP Central Library | UAP Central Library | General Stacks | 2020-03-09 | 621.402 KHU | 3010019943 | 2020-03-09 | 2 | 2020-03-09 | Book | |||||
| UAP Central Library | UAP Central Library | General Stacks | 2020-03-09 | 621.402 KHU | 3010016880 | 2020-03-09 | 3 | 2020-03-09 | Book | |||||
| UAP Central Library | UAP Central Library | General Stacks | 2020-03-09 | 621.402 KHU | 3010019940 | 2020-03-09 | 4 | 2020-03-09 | Book | |||||
| UAP Central Library | UAP Central Library | General Stacks | 2020-03-09 | 621.402 KHU | 3010016881 | 2020-03-09 | 5 | 2020-03-09 | Book | |||||
| UAP Central Library | UAP Central Library | General Stacks | 2020-03-09 | 621.402 KHU | 3010016879 | 2020-03-09 | 6 | 2020-03-09 | Book | |||||
| UAP Central Library | UAP Central Library | General Stacks | 2020-03-09 | 621.402 KHU | 3010016878 | 2020-03-09 | 7 | 2020-03-09 | Book | |||||
| UAP Central Library | UAP Central Library | General Stacks | 2020-03-09 | 621.402 KHU | 3010019941 | 2020-03-09 | 8 | 2020-03-09 | Book | |||||
| UAP Central Library | UAP Central Library | General Stacks | 2020-03-09 | 621.402 KHU | 3010013854 | 2020-03-09 | 9 | 2020-03-09 | Book | |||||
| UAP Central Library | UAP Central Library | General Stacks | 2020-03-09 | 621.402 KHU | 3010013848 | 2020-03-09 | 10 | 2020-03-09 | Book | |||||
| UAP Central Library | UAP Central Library | General Stacks | 2020-03-09 | 621.402 KHU | 3010013849 | 2020-03-09 | 11 | 2020-03-09 | Book | |||||
| UAP Central Library | UAP Central Library | General Stacks | 2020-03-09 | 621.402 KHU | 3010013845 | 2020-03-09 | 12 | 2020-03-09 | Book | |||||
| UAP Central Library | UAP Central Library | General Stacks | 2020-03-09 | 621.402 KHU | 3010013846 | 2020-03-09 | 13 | 2020-03-09 | Book | |||||
| UAP Central Library | UAP Central Library | General Stacks | 2020-03-09 | 621.402 KHU | 3010013851 | 2020-03-09 | 14 | 2020-03-09 | Book | |||||
| UAP Central Library | UAP Central Library | General Stacks | 2020-03-09 | 621.402 KHU | 3010013847 | 2020-03-09 | 15 | 2020-03-09 | Book | |||||
| UAP Central Library | UAP Central Library | General Stacks | 2020-03-09 | 621.402 KHU | 3010013850 | 2020-03-09 | 16 | 2020-03-09 | Book | |||||
| UAP Central Library | UAP Central Library | General Stacks | 2020-03-09 | 621.402 KHU | 3010013852 | 2020-03-09 | 17 | 2020-03-09 | Book | |||||
| UAP Central Library | UAP Central Library | General Stacks | 2020-03-18 | 621.402 KHU | 3010009560 | 2020-03-18 | 18 | 2020-03-18 | Book | |||||
| UAP Central Library | UAP Central Library | General Stacks | 2020-12-28 | 621.402 KHU | 3010019944 | 2020-12-28 | 19 | 2020-12-28 | Book |
Bengali Keyboard